1470 1193 1961 1112 1162 1083 1183 1790 1803 1567 1281 1439 1965 1311 1740 1835 1763 1328 1146 1413 1617 1402 1888 1478 1680 1544 1623 1303 1520 1798 1576 1469 1659 1061 1237 1115 1972 1654 1709 1550 1177 1349 1076 1387 1267 1856 1816 1181 1120 1281 1717 1211 1914 1547 1997 1011 1190 1975 1013 1864 1545 1123 1042 1837 1546 1521 1514 1951 1597 1049 1595 1768 1422 1052 1102 1716 1635 1008 1143 1841 1963 1953 1093 1904 1402 1282 1014 1783 1792 1872 1752 1542 1427 1063 1397 1261 1266 1836 1117 BCNSPRNW ULIB Ver.6.0+V

เปลี่ยนเป็นภาษาไทย

Change to English
 แสดงรายละเอียดบรรณานุกรม
  กลับหน้าหลัก

Brief Record : Get Marc (ISO 2709) : E-mail record : QR code < ปิดหน้าต่าง
LEADER : 00000nam 2200000uu 4500
001    13399110817
003     ULIB
008    110609s2010||||th 000 0 eng d
024    9780763761349
060  4 WQ165^bD981p 2010
100 0  Lauren A Dutton
245 00 A pocket guide to clinical midwifery : the efficient midwife ^cby Lauren A Dutton, Jessica E Densmore and Meredith B Turner
260    Sudbury,MA:^bJones and Bartlett,^c2010
300    358 p:^bill.
650  4 Midwifery^xHandbook
700 0  Jessica E Densmore
700 0  Meredith B Turner Book
945    ^p1400^l0^i030135
995    Kesorn
999 ^a ใช้งานได้ทุกระบบ
รายการนี้ยังไม่มีแท็ก
คุณยังไม่ได้ล็อกอิน คุณสามารถมีกิจกรรมร่วมกับเว็บไซต์ได้ แต่ต้องล็อกอินก่อน ::
  ล็อกอิน

รายการสื่อสารสนเทศ

ลำดับที่ ประเภท เลขเรียก/บาร์โค้ด สถานที่ สถานะ
- ไม่พบข้อมูล -

BibComment


ยังไม่เคยถูกคอมเมนท์

คอมเมนท์ทรัพยากรรายการนี้
  คอมเมนท์: A pocket guide to..


 Copyright 2026. Bcnsprnw @Library